Statistiques concernant Tableau périodique des éléments- Halogène

Cliquez ici pour prendre le quiz!

Statistiques générales

  • Ce quiz a été pris 26 fois
  • Le résultat moyen est 5 sur 6

Statistiques - réponses

Halogène% Correct
Chlore
100%
Fluor
95%
Brome
86%
Iode
86%
Tennesse
77%
Astate
64%

Distribution des résultats

Percentile par nombre de réponses

% des personnes avec chaque résultat

Votre développement - résultats

Vous n’avez pas pris ce quiz